Systematic review of non-custodial employment programs: impact on recidivism rates of ex-offenders
| Authors: | ; ; |
|---|---|
| Format: | Electronic Article |
| Language: | English |
| Published: |
2006
|
| In: |
Campbell Systematic Reviews
Year: 2006, Volume: 2, Issue: 1, Pages: 3-28 |
| Online Access: |
Volltext (Resolving-System) Volltext (Resolving-System) Volltext (kostenfrei) |
| Check availability: | HBZ Gateway |
| Keywords: |
MARC
| LEADER | 00000caa a2200000 c 4500 | ||
|---|---|---|---|
| 001 | 1515623467 | ||
| 003 | DE-627 | ||
| 005 | 20220603143140.0 | ||
| 007 | cr uuu---uuuuu | ||
| 008 | 150921s2006 xx |||||o 00| ||eng c | ||
| 024 | 7 | |a urn:nbn:de:bsz:21-dspace-646359 |2 urn | |
| 024 | 7 | |a 10.15496/publikation-6057 |2 doi | |
| 024 | 7 | |a http://hdl.handle.net/10900/64635 |2 hdl | |
| 035 | |a (DE-627)1515623467 | ||
| 035 | |a (DE-576)445623462 | ||
| 035 | |a (DE-599)BSZ445623462 | ||
| 040 | |a DE-627 |b ger |c DE-627 |e rakwb | ||
| 041 | |a eng | ||
| 082 | 0 | 4 | |a 360 |a 340 |
| 084 | |a 2,1 |2 ssgn | ||
| 100 | 1 | |a Visher, Christy A. |0 (DE-588)1212475143 |0 (DE-627)1701981459 |0 (DE-576)164723919 |4 aut | |
| 109 | |a Visher, Christy A. |a Visher, Christy | ||
| 245 | 1 | 0 | |a Systematic review of non-custodial employment programs |b impact on recidivism rates of ex-offenders |c Christy A. Visher; Laura Winterfield; Mark B. Coggeshall |
| 264 | 1 | |c 2006 | |
| 336 | |a Text |b txt |2 rdacontent | ||
| 337 | |a Computermedien |b c |2 rdamedia | ||
| 338 | |a Online-Ressource |b cr |2 rdacarrier | ||
| 500 | |a First published: 17 January, 2006; Last updated: 12 October, 2009 | ||
| 650 | 0 | 7 | |0 (DE-588)4057812-4 |0 (DE-627)106149407 |0 (DE-576)209123796 |a Strafzumessung |2 gnd |
| 650 | 0 | 7 | |0 (DE-588)4018332-4 |0 (DE-627)104222239 |0 (DE-576)208923853 |a Freiheitsstrafe |2 gnd |
| 650 | 0 | 7 | |0 (DE-588)4050841-9 |0 (DE-627)106179772 |0 (DE-576)209090022 |a Rückfall |2 gnd |
| 650 | 0 | 7 | |0 (DE-588)4128233-4 |0 (DE-627)105718823 |0 (DE-576)209600365 |a Resozialisierung |2 gnd |
| 650 | 0 | 7 | |0 (DE-588)4069349-1 |0 (DE-627)106103660 |0 (DE-576)209176512 |a Berufstätigkeit |2 gnd |
| 700 | 1 | |a Winterfield, Laura A. |4 aut | |
| 700 | 1 | |a Coggeshall, Mark B. |4 aut | |
| 773 | 0 | 8 | |i In |a Campbell Collaboration |t Campbell Systematic Reviews |d Oslo : [Verlag nicht ermittelbar], 2004 |g 2(2006), 1, Artikel-ID 1, Seite 3-28 |h Online-Ressource |w (DE-627)781568064 |w (DE-600)2762761-5 |w (DE-576)403258073 |x 1891-1803 |7 nnas |
| 773 | 1 | 8 | |g volume:2 |g year:2006 |g number:1 |g elocationid:1 |g pages:3-28 |
| 856 | 4 | 0 | |u http://nbn-resolving.de/urn:nbn:de:bsz:21-dspace-646359 |q application/pdf |x Resolving-System |z kostenfrei |3 Volltext |7 0 |
| 856 | 4 | 0 | |u http://dx.doi.org/10.15496/publikation-6057 |x Resolving-System |3 Volltext |7 1 |
| 856 | 4 | 0 | |u http://hdl.handle.net/10900/64635 |x Resolving-System |3 Volltext |7 1 |
| 951 | |a AR | ||
| ELC | |a 1 | ||
| LOK | |0 000 xxxxxcx a22 zn 4500 | ||
| LOK | |0 001 2863239104 | ||
| LOK | |0 003 DE-627 | ||
| LOK | |0 004 1515623467 | ||
| LOK | |0 005 20150921100243 | ||
| LOK | |0 008 150921||||||||||||||||ger||||||| | ||
| LOK | |0 040 |a DE-21 |c DE-627 |d DE-21 | ||
| LOK | |0 852 |a DE-21 | ||
| LOK | |0 852 1 |9 00 | ||
| LOK | |0 935 |a opus |a krim | ||
| LOK | |0 939 |a 21-09-15 |b l01 | ||
| OAS | |a 1 | ||
| ORI | |a SA-MARC-krimdoka001.raw | ||
